Responses for Show #2342 - Tuesday, November 8, 1994

1994 Celebrity Jeopardy! game 2.

Contestants

[<< previous game]

Larry King, a talk show host from Larry King Live

Alexandra Paul, an actress from Baywatch

Kareem Abdul-Jabbar, a superstar from the NBA

[next game >>]

Jeopardy! Round responses

U.S. STATES
MOVIE QUOTES
FOOD
FAMOUS NAMES
MONEY
ABBREVIATIONS
    $100 1
Hawaii

Larry
    $100 2
(Kareem: [No response.])

The Graduate

KareemLarry
    $100 26
ketchup

Alexandra
    $100 8
[Larry King rings in.]
(Alex: Larry. Get it right.)
[Larry laughs.]
(Larry: Who is [*]?)

Ted Turner

Larry
    $100 5
sixpence

Larry
    $100 6
physical education

Larry
    $200 3
Florida

Kareem
    $200 16
Dorothy Lamour

Larry
    $200 27
[The end-of-round signal sounds.]

San Francisco

Kareem
    $200 7
Henry Mancini

Larry
    $200 13
West Point

Larry
    $200 9
the operating room

Larry
    $300 4
Arkansas

Larry
    $300 17
Gone with the Wind

Kareem
    $300 15
Frank Lloyd Wright

Larry
    $300 14
centavos

Alexandra
    $300 10
fidelity

Kareem
    $400 11
Alaska

Kareem
    $400 19
The Lost Weekend

Larry
    $400 18
(Larry: Who is, ah, ...?)
(Alex: You'll hate yourself for forgetting his name.)
(Larry: I've had him on my show.)
(Alexandra: I just saw him a few weeks ago.)
(Alex: Who is [*]?)
(Larry: Placi!)
(Alex: Placi for short.)

Placido Domingo

Larry
Triple Stumper
    $400 24
a tithe

Kareem
    $400 21
a personal computer

Larry
    $500 12
Alabama

Larry
    $500 20
(Alexandra: Who is Isadora Duncan?)

Vanessa Redgrave

KareemAlexandra
    $500 23
Diane Sawyer

Larry
    $1,000 25
the 2 dollar bill

Kareem
    $500 22
atmosphere

Kareem

Scores at the first commercial break (after clue 15):

Kareem Alexandra Larry
$800 $300 $2,200

Scores at the end of the Jeopardy! Round:

Kareem Alexandra Larry
$3,700 -$100 $3,300

Double Jeopardy! Round responses

1983
POP MUSIC
IVY LEAGUE SCHOOLS
BRITISH ROYALTY
THEATRE
THE ALPS
    $200 8
Arafat

Alexandra
    $200 2
Diana Ross

Larry
    $200 1
Harvard

Kareem
    $200 11
Prince Charles

Larry
    $200 12
Harry Truman

Larry
    $200 22
the St. Bernard

Kareem
    $400 17
Martin Luther King's birthday

Kareem
    $400 7
Morrison

Larry
    $400 3
Yale

Larry
    $400 9
(Kareen: What is Cambridge...uh... Cambridge Cathedral?)

Westminster Abbey

Kareem
Triple Stumper
    $400 13
Blanche DuBois

Kareem
    $400 23
Heidi

Kareem
    $600 19
a California condor

Kareem
    $600 18
(Alex: With about a minute to go...)

Get Back

Triple Stumper
    $3,000 4
(Larry: What is Rutgers...oh!)
(Alex: Oh, you spoke too quickly.)

Princeton

Larry
    $600 10
Henry VIII

Kareem
    $600 14
(Alexandra: What is "Same Time, Next Year"?)

Plaza Suite

AlexandraLarry
    $600 25
[The end-of-round signal sounds.]

yodeling

Kareem
    $800 20
(Kareem: What is the Reichstag...I mean, what is...)
(Alex: No.)

(West) Germany

KareemLarry
    $800 5
Dartmouth

Larry
    $800 24
Elizabeth (I)

Alexandra
    $800 15
(Alexandra: What is "The Crucible"?)

Inherit the Wind

AlexandraLarry
    $1000 21
OPEC

Kareem
    $1000 6
Brown University

Kareem
    $1000 16
Blood Brothers

Alexandra

Scores at the end of the Double Jeopardy! Round:

Kareem Alexandra Larry
$7,900 $500 $4,700

[wagering suggestions for these scores]

Final Jeopardy! Round responses

U.S. PRESIDENTS
AlexandraWho is Teddy Roosevelt
$500
LarryWho is Teddy Roosevelt
$4,700
KareemWho T. Rooseveldt
$4,000
Teddy Roosevelt

Final scores:

Kareem Alexandra Larry
$11,900 $1,000 $9,400
Winner: $11,900 to Athletes and Entertainers for Kids 3rd place: $10,000 to Heal the Bay 2nd place: $10,000 to the Larry King Cardiac Foundation

Game dynamics:

Coryat scores:

Kareem Alexandra Larry
$7,400 $500 $7,700
19 R
(including 1 DD),
3 W
5 R,
3 W
24 R,
2 W
(including 1 DD)

Combined Coryat: $15,600

[game clues] [game scores] [suggest correction]

Game tape date: 1994-10-02
The J! Archive is created by fans, for fans. Scraping, republication, monetization, and malicious use prohibited; this site may use cookies and collect identifying information. See terms. The Jeopardy! game show and all elements thereof, including but not limited to copyright and trademark thereto, are the property of Jeopardy Productions, Inc. and are protected under law. This website is not affiliated with, sponsored by, or operated by Jeopardy Productions, Inc. Join the discussion at JBoard.tv.